Tüzük (Record no. 10619)
[ view plain ]
| 000 -BAŞLIK | |
|---|---|
| Sabit Uzunlukta Kontrol Alanı | 01235na a2200373 4500 |
| 999 ## - SİSTEM KONTROL NUMARALARI (KOHA) | |
| Koha Biblionumber | 10619 |
| Koha Biblioitemnumber | 10619 |
| 001 - KONTROL NUMARASI | |
| Denetim Alanı | 24111 |
| 003 - KONTROL NUMARASI IDENTIFIER | |
| Denetim Alanı | MIRAKIL |
| 005 - SON İŞLEM TARİHİ VE ZAMANI | |
| Denetim Alanı | 20200709162557.0 |
| 008 - SABİT-BOY VERİ ELEMANLARI - GENEL BİLGİLER | |
| Sabit Uzunlukta Kontrol Alanı | 180802b tu 000 0 |
| 035 ## - SİSTEM KONTROL NUMARASI | |
| Sistem Kontrol Numarası | 20326 |
| 040 ## - KATALOGLAMA KAYNAK | |
| Orijinal Kataloglama Ajansı | Milas |
| Kataloglama Dili | tur |
| Metne Dönüştürmek Ajansı | TR-AnCHP |
| 041 ## - DİL KODU | |
| Metin / Ses Parça Veya Ayrı Başlığın Dil Kodu | tur |
| 082 ## - DEWEY ONLU SINIFLANDIRMA NUMARASI | |
| Sınıflandırma Numarası | CHP 324.2372 |
| Ürün Numarası | C36t 2018 |
| 090 ## - SINIFLAMA NUMARASI | |
| Sınıflama Numarası | BROŞÜR 382 |
| 110 ## - ANA GİRİŞ - KURUMSAL ADI | |
| Giriş Elemanı Olarak Kurumsal Ad Veya Yargı Alanı Adı | Cumhuriyet Halk Partisi (CHP) |
| 222 ## - ANAHTAR ADI | |
| Anahtar Başlık | Tüzükler |
| 222 ## - ANAHTAR ADI | |
| Anahtar Başlık | 19. olağanüstü kurultay |
| 245 ## - BAŞLIK TABLOSU | |
| Başlık | Tüzük |
| Başlığın Kalan | 9-10 Mart 2018 tarihli 19. olağanüstü kurultayda kabul edilmiştir. |
| Sorumluluk Tablosu, Vb | Cumhuriyet Halk Partisi |
| 246 ## - UNVAN FORM VARYING | |
| Başlık Doğru / Kısa Başlığı | CHP tüzüğü |
| 246 ## - UNVAN FORM VARYING | |
| Başlık Doğru / Kısa Başlığı | Cumhuriyet Halk Partisi tüzüğü |
| 246 ## - UNVAN FORM VARYING | |
| Başlık Doğru / Kısa Başlığı | CHP 2018 tüzüğü |
| 260 ## - YAYIN, DAĞITIM, VB | |
| Yayın, Dağıtım, Vb Yeri | Ankara |
| Yayıncı, Dağıtıcı, Vs Adı | CHP |
| Yayın, Dağıtım, Vb Tarihi | 2018 |
| 300 ## - FİZİKSEL TANIM | |
| Kapsam | 91 s. |
| Boyutlar | 19 sm. |
| 440 ## - SERİSİ TABLOSU / KATMA GİRİŞİ - BAŞLIK | |
| Başlık | Cumhuriyet Halk Partisi yayınları |
| Bir İşin Parçası / Bölümün İsmi | Tüzükler |
| 610 ## - KONU KATMA GİRİŞ - TOPLANTI ADI | |
| Giriş Elemanı Olarak Kurumsal Ad Veya Yargı Alanı Adı | Cumhuriyet Halk Partisi (CHP) |
| Genel Alt Bölüm | Tüzükler, 2018 |
| 610 ## - KONU KATMA GİRİŞ - TOPLANTI ADI | |
| Giriş Elemanı Olarak Kurumsal Ad Veya Yargı Alanı Adı | CHP |
| Genel Alt Bölüm | Tüzük taslağı |
| 610 ## - KONU KATMA GİRİŞ - TOPLANTI ADI | |
| Giriş Elemanı Olarak Kurumsal Ad Veya Yargı Alanı Adı | CHP |
| Genel Alt Bölüm | 19. olağanüstü kurultay |
| 651 ## - KONU KATMA GİRİŞ - COĞRAFİ ADI | |
| Coğrafi İsim | Türkiye |
| Genel Alt Bölümü | Siyaset ve yönetim |
| Kronolojik Alt Bölümü | 2018 |
| 830 ## - SERİSİ EKLENDİ GİRİŞ - ÜNİFORM ADI | |
| Üniforma Başlık | CHP tüzükleri |
| 942 ## - EKLENDİ GİRİŞ ELEMANLARI (KOHA) | |
| Sınıflandırma Veya Raf Düzeni Kaynak | Dewey Decimal Classification |
| Koha Öğesi Türü | Books |
| 999 ## - SİSTEM KONTROL NUMARALARI (KOHA) | |
| Koha Biblioitemnumber | 10619 |
| Kullanım Kısıtlamaları | Kalıcı Konum | Mevcut Konum | Edinme Tarihi | Edinim Kaynak | Kodlu Konum Eleme | Toplam Check-Out'Lar | Tam Çağrı Numarası | Barkod | Tarih Son Görülme | Kopya Sayısı | İtibaren Geçerli Fiyatlar | Koha Öğesi Türü |
|---|---|---|---|---|---|---|---|---|---|---|---|---|
| Kütüphane dışına çıkarılamaz | CHP Kütüphanesi | CHP Kütüphanesi | 05/10/2018 | Bağış | BROŞÜRLER | BROŞÜR 382 | 018146 | 05/10/2018 | k.11 | 05/10/2018 | Visual Material |
